| 000 | 00655nam a22001695i 4500 | ||
|---|---|---|---|
| 001 | 165741 | ||
| 003 | ES-MaACL | ||
| 005 | 20230906213210.0 | ||
| 008 | 050906s1877 gw | |||||||| ||ger d | ||
| 040 |
_aCAM _bspa _cCAM |
||
| 100 | 1 |
_aSteinthal, Heymann ( _d1823-1899) _9132894 |
|
| 245 | 1 | 4 |
_aDer Ursprung der Sprache im Zusammenhange mit den Letzten Fragen Alles Wissens _b: Eine Darstellung, Kritik und Fortentwicklung der Vorzüglichten Ansichten / _cvon H. Steinthal. |
| 260 |
_aBerlin : _bFerd. Dürmmlers Verlagbuchhandlung, _c1877. |
||
| 300 |
_aXVI, 374 p. ; _c23 cm. |
||
| 650 | 4 |
_aLenguaje. _914341 |
|
| 852 |
_aES-MaACL _jG-2803 _z-- Enc. hol. |
||
| 999 |
_c165741 _d165741 |
||